| 000 | 01125cam a22002893a 4500 | ||
|---|---|---|---|
| 001 | 5336 | ||
| 003 | PGUSA | ||
| 005 | 20140828083118.0 | ||
| 008 | 040301s2004||||xxu|||||s|||||000 | eng d | ||
| 040 |
_aPGUSA _beng |
||
| 042 | _adc | ||
| 050 | 4 | _aPT | |
| 245 | 1 | 0 |
_aStories by Foreign Authors : _bScandinavian _h[electronic resource] |
| 260 |
_bProject Gutenberg, _c2004 |
||
| 505 | 0 | _aThe father / Björnstjerne Björnson -- When father brought home the lamp / Juhani Aho -- The flying mail / M. Goldschmidt -- The railroad and the churchyard / Björnstjerne Björnson -- Two friends / Alexander Kielland -- Hopes / Frederika Bremer. | |
| 506 | _aPublic domain in the USA. | ||
| 516 | _aElectronic text | ||
| 653 | _aShort stories, Scandinavian -- Translations into English | ||
| 700 | 1 |
_aKielland, Alexander Lange, _d1849-1906 |
|
| 700 | 1 |
_aAho, Juhani, _d1861-1921 |
|
| 700 | 1 |
_aGoldschmidt, Meïr, _d1819-1887 |
|
| 700 | 1 |
_aBjørnson, Bjørnstjerne, _d1832-1910 |
|
| 700 | 1 |
_aBremer, Fredrika, _d1801-1865 |
|
| 830 | 0 |
_aProject Gutenberg _v5336 |
|
| 856 | 4 | 0 | _uhttp://www.gutenberg.org/ebooks/5336 |
| 942 | _cEB | ||
| 999 |
_c234665 _d234665 |
||